000
00251nam a2200097Ia 4500
008
230508s1999 xx 000 0 und d
041
_a
eng
100
_a
C.B.S.
245
_a
PROBLEMS & SOLUTSIONS OF ELECT. DEVICES & CKT
260
_b
C.B.S. PUBLI.
_c
1999
999
_c
733345
_d
733345